Top 15 Celebrities Born In 1952 - Statistics

General Stats
  • This quiz has been taken 165 times
  • The average score is 6 of 15
Answer Stats
Picture Answer % Correct
Vladimir Putin
94%
Liam Neeson
60%
Patrick Swayze
54%
Mr.T
52%
Sharon Osbourne
51%
Jeff Goldblum
50%
Christopher Reeve
48%
David Hasselhoff
45%
John Goodman
42%
Dan Aykroyd
38%
Roseanne Barr
26%
Paul Reubens
25%
Christine Baranski
19%
Annie Potts
10%
Terence Henricks
1%
No matching quizzes found
Score Distribution
Percent of People with Each Score
Percentile by Number Answered
Your Score History
You have not taken this quiz